000 00657nam a22001932 4500
001 0000025297
005 20151217161600.0
008 150610s xx 000 0 eng d
040 _aKABU
_cKABU
100 1 _aKiptum, Dominick.
_@0000185846
245 1 0 _aAnalysis of the effects of outsourcing on organization productivity in selected parastatals in Kenya /
_cby Dominick Kiptum.
260 _aNakuru :
_bKabarak University,
_c2014.
300 _ax, 83 p.
650 0 _aOrganizational effectiveness.
_@0000150612
650 0 _aLeadership.
_@0000150687
908 _a150610
950 _@1
999 _c15450
_d15450